Műtüdőre kapcsolt kismamák életét mentették meg

Elmentve itt :
Bibliográfiai részletek
Dokumentumtípus: Cikk
Megjelent: 2022-02-19
Sorozat:Delmagyarország 112 No. 42
Kulcsszavak:Járvány - koronavírus, Betegellátás - koronavírusos betegek - kismamák - ECMO-kezelés, Babik Barna - tanszékvezető egyetemi tanár, Aneszteziológiai és Intenzív Terápiás Intézet - AITI, Szent-Györgyi Albert Klinikai Központ - SZAKK, Együttműködés - Országos Mentőszolgálat - Békés Megyei Központi Kórház - Bács-Kiskun Megyei Oktatókórház
Online Access:http://univ.bibl.u-szeged.hu/61428
LEADER 01274nab a2200181 i 4500
001 univ61428
005 20220221095943.0
008 220218s2022 hu o 0|| hun d
040 |a SZTE UnivHistória Repozitórium  |b hun 
041 |a hun 
245 0 0 |a Műtüdőre kapcsolt kismamák életét mentették meg  |h [elektronikus dokumentum] 
260 |c 2022-02-19 
300 |a 1-2 
490 0 |a Delmagyarország  |v 112 No. 42 
561 |a Egyetemi hirarchívum 
695 |a Járvány - koronavírus, Betegellátás - koronavírusos betegek - kismamák - ECMO-kezelés, Babik Barna - tanszékvezető egyetemi tanár, Aneszteziológiai és Intenzív Terápiás Intézet - AITI, Szent-Györgyi Albert Klinikai Központ - SZAKK, Együttműködés - Országos Mentőszolgálat - Békés Megyei Központi Kórház - Bács-Kiskun Megyei Oktatókórház 
856 4 0 |u http://univ.bibl.u-szeged.hu/61428/1/DELMAGYAR%20-%20M%C5%B1t%C3%BCd%C5%91kezel%C3%A9ssel%20mentett%C3%A9k%20meg%20k%C3%A9t%20kismama%20%C3%A9let%C3%A9t%20a%20Szegedi%20Tudom%C3%A1nyegyetemen.pdf  |z Dokumentum-elérés  
856 4 0 |u http://univ.bibl.u-szeged.hu/61428/7/2022-02-19%2003_00_00_D%C3%A9lmagyarorsz%C3%A1g_M%C5%B1t%C3%BCd%C5%91re%20kapcsolt%20kismam%C3%A1k%20%C3%A9let%C3%A9t%20mentett%C3%A9k%20meg.pdf  |z Dokumentum-elérés